| 000 | 00682nam a2200205Ia 4500 | ||
|---|---|---|---|
| 003 | GCL | ||
| 008 | 140319s9999 xx 000 0 ara d | ||
| 040 |
_aGCL / _cGCL |
||
| 082 | 0 | 4 |
_a320.54 _bد ى |
| 100 | 1 | _aنورالدين حاطوم | |
| 245 | 1 | 0 |
_aدراسات مقارنة فى القوميات الالمانية والايطالية والامريكية والهندية / _cنورالدين حاطوم |
| 260 |
_a[S.N] : _bمعهد البحوث والدراسات العربية ، _c1966 |
||
| 300 | _a206 ص | ||
| 490 | _a | ||
| 650 | 0 | 4 | _aالسياسة |
| 650 | 0 | 4 | _aالاقليات |
| 650 | 0 | 4 | _aالقومية |
| 650 | 0 | 4 | _aالوطنية |
| 942 |
_2ddc _cBK |
||
| 999 |
_c46662 _d46662 |
||